| 000 | 00614nam a2200229Ia 4500 | ||
|---|---|---|---|
| 003 | OSt | ||
| 005 | 20220918190749.0 | ||
| 006 | a|||||r|||| 00| 0 | ||
| 007 | ta | ||
| 008 | 220917b |||||||| |||| 00| 0 eng d | ||
| 024 | _a59,410 | ||
| 037 | _cTextual | ||
| 040 |
_aARTS _cARTS _beng |
||
| 041 |
_2eng _aeng |
||
| 082 | _aQ141:24:g, 111J0 (EPS) | ||
| 100 |
_aSharvananda comm _953886 |
||
| 245 | 0 | _aPrasnopanisad | |
| 260 |
_aMadras _bSri Ram Krishna Math _c1950 |
||
| 650 | _aRELIGION | ||
| 942 |
_hQ141:24:g, 111J0 (EPS) _cTEXL _2CC |
||
| 999 |
_c186750 _d186750 |
||